|
|
|
|
| LEADER |
00000nab a2200000 a 4500 |
| 001 |
vtls000300053 |
| 003 |
SK-MaSNL |
| 005 |
20260426063206.0 |
| 008 |
160215c1988 xo 0 slo |
| 015 |
|
|
|a SNBRB19rr/mm-uuuuu
|
| 035 |
|
|
|a CL0310172
|
| 040 |
|
|
|a SNKBUCL
|b slo
|c SNKBUCL
|e AACR2
|
| 041 |
0 |
|
|a slo
|
| 044 |
|
|
|a xo
|c SK
|
| 080 |
|
|
|a 730.071.1:061.4
|2 1981
|
| 080 |
|
|
|a 061.4
|2 1981
|
| 080 |
|
|
|a 929 Kavecký, Tibor
|2 1981
|
| 100 |
1 |
|
|a Chriašteľová, Ľubica,
|d 1948-
|4 aut
|9 5061
|
| 245 |
1 |
0 |
|a Výrazná dynamickosť súčasného sochárstva
|c Ľubica Chriaštelová
|
| 600 |
1 |
7 |
|a Kavecký, Tibor,
|d 1930-
|2 snkbucl
|9 181063
|
| 648 |
|
7 |
|a 1987
|2 snkbucl
|9 280189
|
| 650 |
0 |
7 |
|a sochárstvo
|2 snkbucl
|9 1038
|
| 650 |
0 |
7 |
|a výstavy
|2 snkbucl
|9 2780
|
| 651 |
|
7 |
|a Bratislava (Slovensko)
|2 snkbucl
|9 14568
|
| 655 |
|
7 |
|a články z novín a časopisov
|2 snkbucl
|9 267496
|
| 773 |
0 |
|
|t Smena
|g Roč. 41, č. 6 (8. 1. 1988), s. 6
|
| 850 |
|
|
|a Slovenská národná knižnica v Martine
|a MTA001
|
| 852 |
|
|
|a SNK
|b KIS3GCP
|
| 958 |
|
|
|a BX
|
| 958 |
|
|
|a RK
|
| 992 |
|
|
|a RBX
|
| 999 |
|
|
|c 2553549
|d 2555479
|